000 00516nam a2200169Ia 4500
003 GCL
008 140319s9999 xx 000 0 ara d
040 _aGCL /
_cGCL
082 0 4 _a010
_bم ك
100 1 _aمحمود الشنيطى
245 1 0 _aالكتاب العربى بين الماضى والحاضر /
_cمحمود الشنيطى
490 _aاسبوع الكتاب العربى
_v0
650 0 4 _aالكتب
650 0 4 _aالكتب - تاريخ
650 0 4 _aالبلبوجرافيا
942 _2ddc
_cBK
999 _c51586
_d51586